|
|
|
|
| LEADER |
02888njm a2200697 a 4500 |
| 001 |
001088786 |
| 003 |
CZ BrMZK |
| 005 |
20210411095255.0 |
| 007 |
sd fsngnnmmned |
| 008 |
100302s2009 xr mun g ef zxx d |
| 028 |
0 |
1 |
|a JK XXI 0078-2
|b JK XXI Praue
|
| 040 |
|
|
|a BOA001
|b cze
|
| 041 |
0 |
|
|g cze
|g eng
|
| 047 |
|
|
|a ft
|a zz
|a st
|
| 048 |
|
|
|a sa01
|
| 048 |
|
|
|a kc01
|
| 048 |
|
|
|a wb01
|
| 048 |
|
|
|a kb01
|
| 048 |
|
|
|a sb01
|
| 048 |
|
|
|a ka01
|
| 072 |
|
7 |
|a 786/789
|x Hudba pro jednotlivé nástroje
|2 Konspekt
|9 9
|
| 080 |
|
|
|a 787.1.083.3
|2 MRF
|
| 080 |
|
|
|a 786.1.083
|2 MRF
|
| 080 |
|
|
|a 788.7.083
|2 MRF
|
| 080 |
|
|
|a 786.61.083
|2 MRF
|
| 080 |
|
|
|a 787.2.083
|2 MRF
|
| 080 |
|
|
|a 786.2.083
|2 MRF
|
| 080 |
|
|
|a 786.2.083.7
|2 MRF
|
| 080 |
|
|
|a (086.76)
|2 MRF
|
| 100 |
1 |
|
|a Klusák, Jan,
|d 1934-
|7 jn19990209358
|4 cmp
|
| 245 |
1 |
0 |
|a Monologues
|h [zvukový záznam] /
|c Jan Klusák
|
| 260 |
|
|
|a Prague :
|b JK XXI,
|c p2009
|
| 300 |
|
|
|a 1 zvuková deska (65:53) :
|b digital, stereo ;
|c 12 cm
|
| 306 |
|
|
|a 010553
|
| 500 |
|
|
|a Kompaktní deska (DDD)
|
| 505 |
0 |
0 |
|t GaDe, fantazie pro housle --
|t Partita in G pro cembalo --
|t Piápeia pro hoboj --
|t Pohyblivá nepohyblivost pro varhany --
|t Ubi vult pro violu --
|t Polka a toccatina pro klavír --
|t Tři etudy pro klavír
|
| 511 |
0 |
|
|a Lada Fedorová, housle ; Sylvia Georgieva, cembalo ; Vilém Veverka, hosule a další
|
| 518 |
|
|
|a Nahráno v Sukově síni v pražském Rudolfinu, 29.-30. června 2009 (2-4), 30. června 2009 (5, 7) , v síni Reduty v Olomouci, 19. června 2009 (1), 2. září 2009 (8-12) a v síni Martinů, Pražské hudební akademie, 3. října 2009 (6)
|
| 650 |
0 |
7 |
|a fantazie (housle)
|7 ph315432
|2 czenas
|
| 650 |
0 |
7 |
|a drobné skladby (cembalo)
|7 ph317257
|2 czenas
|
| 650 |
0 |
7 |
|a drobné skladby (hoboj)
|7 ph317264
|2 czenas
|
| 650 |
0 |
7 |
|a drobné skladby (varhany)
|7 ph317290
|2 czenas
|
| 650 |
0 |
7 |
|a drobné skladby (viola)
|7 ph317291
|2 czenas
|
| 650 |
0 |
7 |
|a drobné skladby (klavír)
|7 ph317273
|2 czenas
|
| 650 |
0 |
7 |
|a etudy (klavír)
|7 ph315409
|2 czenas
|
| 655 |
|
7 |
|a kompaktní desky
|7 fd201991
|2 czenas
|
| 700 |
1 |
2 |
|a Klusák, Jan,
|d 1934-
|t GaDe
|7 aun2010584214
|
| 700 |
1 |
2 |
|a Klusák, Jan,
|d 1934-
|t Partity,
|m cembalo,
|r G dur
|
| 700 |
1 |
2 |
|a Klusák, Jan,
|d 1934-
|t Priápeia
|7 aun2010584175
|
| 700 |
1 |
2 |
|a Klusák, Jan,
|d 1934-
|t Pohyblivá nepohyblivost
|
| 700 |
1 |
2 |
|a Klusák, Jan,
|d 1934-
|t Ubi vult
|7 aun2010584173
|
| 700 |
1 |
2 |
|a Klusák, Jan,
|d 1934-
|t Polka a toccatina
|
| 700 |
1 |
2 |
|a Klusák, Jan,
|d 1934-
|t Tři etudy pro klavír
|
| 700 |
1 |
|
|a Fedorová, Lada,
|d 1981-
|7 mzk2008459085
|4 itr
|
| 700 |
1 |
|
|a Georgieva, Sylvia
|7 xx0068333
|4 itr
|
| 700 |
1 |
|
|a Veverka, Vilém,
|d 1978-
|7 js20040322002
|4 itr
|
| 740 |
0 |
2 |
|a Monology
|
| 910 |
|
|
|a BOA001
|b CDR-1236.490
|
| 990 |
|
|
|a AV
|
| 991 |
|
|
|b 201003
|
| 996 |
6 |
|
|b 2610423547
|c CDR-1236.490
|l MZK
|r Sklad / do 24 hodin
|n 1
|p p.v.
|w 001113295
|u 000010
|a 1
|e BOA001
|j MZK50
|s P
|